000 00313nam a2200097 4500
245 _aLife and openions of Tristram shandy gentleman
_cby Laurence Sterne ( 1713 - 1768 )
100 _aSterne, Laurence
260 _aLondon
_bOxford University Press
_c1951[reprinted 1966]
300 _a591p.;15cm.
082 _a823.6
_b STE
999 _c1077
_d1077